Matematické modelovanie následkov výbuchu plynných zmesí diplomová práca

Saved in:
Bibliographic Details
Main Author: Karas, Denis
Format: Book
Language:Slovak
Published: Bratislava STU FCHPT 2019
Online Access:View in OPAC
Tags: Add Tag
No Tags, Be the first to tag this record!

MARC

LEADER 00000nam a2200000 a 4500
005 20260127134201.0
008 190619 2019 xo a 001 0 slo d
035 |a vtls011871899 
039 9 |y 201906191207  |z mschk03 
040 |a STUSCHK1  |b slo  |c STUSCHK1  |e AACR2 
100 1 |a Karas, Denis 
245 1 |a Matematické modelovanie následkov výbuchu plynných zmesí  |b diplomová práca  |c Denis Karas 
260 |a Bratislava  |b STU FCHPT  |c 2019 
300 |a 92 s.  |b Obr., tab.  |c 25 cm 
500 |a Študijný program: chemické inžinierstvo 
500 |a Študijný odbor: chemické inžinierstvo 
500 |a Školiace pracovisko: Oddelenie chemického a biochemického inžinierstva 
500 |a Evid. číslo: FCHPT-5433-76814 
910 |a SCHK95 
999 |c 6095  |d 6095